Report of the Petro-chemical Committee (Record no. 489674)

000 -LEADER
fixed length control field 00490cam a22001457a 4500
008 - FIXED-LENGTH DATA ELEMENTS--GENERAL INFORMATION
fixed length control field 180718b1963 xxu||||| |||| 00| 0 eng d
082 ## - DEWEY DECIMAL CLASSIFICATION NUMBER
Classification number T214x54 In2p
100 ## - MAIN ENTRY--PERSONAL NAME
Personal name India. Petro-Chemical Committee
245 ## - TITLE STATEMENT
Title Report of the Petro-chemical Committee
Statement of responsibility, etc. by Ministry of Commerce and Industry
260 ## - PUBLICATION, DISTRIBUTION, ETC.
Place of publication, distribution, etc. Delhi
Name of publisher, distributor, etc. The Manager of Publications
Date of publication, distribution, etc. 1963
300 ## - PHYSICAL DESCRIPTION
Extent 120+p.
500 ## - GENERAL NOTE
General note Chairman: G.P. Kane
700 ## - ADDED ENTRY--PERSONAL NAME
Personal name India. Ministry of Commerce and Industry
700 ## - ADDED ENTRY--PERSONAL NAME
Personal name Kane, J.P. (Chairman)
Holdings
Withdrawn status Lost status Damaged status Not for loan Permanent Location Current Location Date acquired Full call number Barcode Date last seen Price effective from Koha item type
        Indian Institute of Public Administration Indian Institute of Public Administration 2018-08-04 T214x54 In2p G2629 2018-08-04 2018-08-04 G

Powered by Koha